Teaching and learning language and multiliteracies: (Record no. 1639)
[ view plain ]
| 000 -LEADER | |
|---|---|
| fixed length control field | 01071nam a22002417a 4500 |
| 005 - DATE AND TIME OF LATEST TRANSACTION | |
| control field | 20230308084622.0 |
| 008 - FIXED-LENGTH DATA ELEMENTS--GENERAL INFORMATION | |
| fixed length control field | 230308b |||||||| |||| 00| 0 eng d |
| 020 ## - INTERNATIONAL STANDARD BOOK NUMBER | |
| International Standard Book Number | 621-8035-00-3 |
| 082 ## - DEWEY DECIMAL CLASSIFICATION NUMBER | |
| Classification number | Fil. 428.3 T253 2016 |
| 100 ## - MAIN ENTRY--PERSONAL NAME | |
| Personal name | Giron, Paraluman R. |
| Relator term | author |
| 245 ## - TITLE STATEMENT | |
| Title | Teaching and learning language and multiliteracies: |
| Remainder of title | responding to MTB-MLE challenge / |
| Statement of responsibility, etc. | Paraluman R. Giron, Roderick M. Aguirre; with specialization in reading Ofelia C. Flojo; with specialization in language and teaching and testing Merry Ruth Gutierrez, Avelina T. Llagas |
| 260 ## - PUBLICATION, DISTRIBUTION, ETC. | |
| Place of publication, distribution, etc. | Manila: |
| Name of publisher, distributor, etc. | Lorimar Publishing, |
| Date of publication, distribution, etc. | c2016 |
| 300 ## - PHYSICAL DESCRIPTION | |
| Extent | vi, 186p. |
| 504 ## - BIBLIOGRAPHY, ETC. NOTE | |
| Bibliography, etc. note | Includes bibliographical references |
| 541 ## - IMMEDIATE SOURCE OF ACQUISITION NOTE | |
| Accession number | 6652 c.1, 6653 c.2, 6654 c.3, 6655 c.4, 6656 c.5 |
| 650 ## - SUBJECT ADDED ENTRY--TOPICAL TERM | |
| Topical term or geographic name entry element | Dialect - Philippines |
| 650 ## - SUBJECT ADDED ENTRY--TOPICAL TERM | |
| Topical term or geographic name entry element | Native language - Study and teaching |
| 650 ## - SUBJECT ADDED ENTRY--TOPICAL TERM | |
| Topical term or geographic name entry element | English language - Study and teaching - Foreign speakers |
| 700 ## - ADDED ENTRY--PERSONAL NAME | |
| Personal name | Aguirre, Roderick M. |
| Relator term | author |
| 700 ## - ADDED ENTRY--PERSONAL NAME | |
| Personal name | Flojo, Ofelia C. |
| Relator term | author |
| 700 ## - ADDED ENTRY--PERSONAL NAME | |
| Personal name | Gutierrez, Merry Ruth |
| Relator term | author |
| 700 ## - ADDED ENTRY--PERSONAL NAME | |
| Personal name | Llagas, Avelina T. |
| Relator term | author |
| Withdrawn status | Lost status | Source of classification or shelving scheme | Damaged status | Not for loan | Home library | Current library | Date acquired | Total Checkouts | Full call number | Barcode | Date last seen | Copy number | Price effective from | Koha item type |
|---|---|---|---|---|---|---|---|---|---|---|---|---|---|---|
| Dewey Decimal Classification | ctu-moalboal | ctu-moalboal | 01/05/2021 | Fil. 428.3 T253 2016 | 6652 | 03/08/2023 | 1 | 03/08/2023 | Books-Filipiniana | |||||
| Dewey Decimal Classification | ctu-moalboal | ctu-moalboal | 01/05/2021 | Fil. 428.3 T253 2016 | 6653 | 03/08/2023 | 2 | 03/08/2023 | Books-Filipiniana | |||||
| Dewey Decimal Classification | ctu-moalboal | ctu-moalboal | 01/05/2021 | Fil. 428.3 T253 2016 | 6654 | 03/08/2023 | 3 | 03/08/2023 | Books-Filipiniana | |||||
| Dewey Decimal Classification | ctu-moalboal | ctu-moalboal | 01/05/2021 | Fil. 428.3 T253 2016 | 6655 | 03/08/2023 | 4 | 03/08/2023 | Books-Filipiniana | |||||
| Dewey Decimal Classification | ctu-moalboal | ctu-moalboal | 01/05/2021 | Fil. 428.3 T253 2016 | 6656 | 03/08/2023 | 5 | 03/08/2023 | Books-Filipiniana |